000 00393nam a2200145Ia 4500
008 240719s9999 xx 000 0 und d
020 _a9780670094745
041 _aeng
082 _a813 ASH
100 _aAshwin R.
245 _aI Have the Streets : A Kutti Cricket Story
260 _aHaryana
_bPenguin
_c2024
300 _a173;. P. 23 Cm
520 _aFaculty Purchase By Dr. Jitendra Sharma
999 _c41498
_d41498